000
002800000a22000970004500
100
1
_a
Baarda, Tjitze
245
1
0
_a
John 8:57B. The contribution of the diatessaron of Tatian
300
_a
Vol. 38, Num. 4 (Octubre, 1996), Páginas 336-343
773
0
_t
Novum Testamentum
942
_c
ANA
999
_c
56936
_d
56936